| 000 | 01115nam a2200313Ia 4500 | ||
|---|---|---|---|
| 003 | OSt | ||
| 005 | 20221007121524.0 | ||
| 006 | a|||||r|||| 00| 0 | ||
| 007 | ta | ||
| 008 | 221006b |||||||| |||| 00| 0 eng d | ||
| 020 | _a9781498796262 (hbk) | ||
| 024 | _a200206 | ||
| 037 |
_b068, 20/02/2019, N R Book Distributors _cTextual |
||
| 040 |
_aBDL _cBDL _beng |
||
| 041 |
_2eng _aeng |
||
| 082 | _aJ251.1, Q8 Carb | ||
| 100 |
_aSquires Victor R Ed. _9712272 |
||
| 245 | 0 |
_aGrasslands of the world: Diversity, management and conservation _b Dengler Jurgen Ed. Feng Haiying Ed. Hua Limin Ed. |
|
| 260 |
_aBoca _bRaton CRC Press _c2018 |
||
| 300 |
_axiii, 412p. ill. _ccm. |
||
| 500 | _aIndex 407-410p. | ||
| 650 | _a Botany | ||
| 650 |
_aPalaearctic region _9712273 |
||
| 700 |
_a Dengler Jurgen Ed. _9712274 |
||
| 700 |
_a Feng Haiying Ed. _9712275 |
||
| 700 |
_a Hua Limin Ed. _9712276 |
||
| 942 |
_hJ251.1, Q8 Carb _cTEXL _2CC |
||
| 999 |
_c1208987 _d1208987 |
||